<?xml version="1.0" encoding="UTF-8"?>
<collection xmlns="http://www.loc.gov/MARC21/slim">
 <record>
  <leader>00741pamaa2200193   4500</leader>
  <controlfield tag="001">0000042951</controlfield>
  <controlfield tag="005">20121212090000.0</controlfield>
  <controlfield tag="008">071114                             eng  </controlfield>
  <datafield tag="020" ind1="0" ind2="0">
   <subfield code="a">1575664860 (pbk.) </subfield>
  </datafield>
  <datafield tag="090" ind1="0" ind2="0">
   <subfield code="a">RA638 </subfield>
   <subfield code="b">VAN 1999</subfield>
  </datafield>
  <datafield tag="100" ind1="1" ind2="0">
   <subfield code="a">Vanderhaeghe </subfield>
  </datafield>
  <datafield tag="245" ind1="1" ind2="0">
   <subfield code="a">The immune system cure : </subfield>
   <subfield code="b">optimize your immune system in 30 days : </subfield>
   <subfield code="b">optimize your immune system in 30 days : </subfield>
   <subfield code="b">The natural way!  </subfield>
   <subfield code="c">Lorna R. Vanderhaeghe, Patrick J.D. Bouic.</subfield>
  </datafield>
  <datafield tag="260" ind1="0" ind2="0">
   <subfield code="a">New York, NY: </subfield>
   <subfield code="b">Kensington Publishing Corp, </subfield>
   <subfield code="c">1999.</subfield>
  </datafield>
  <datafield tag="300" ind1=" " ind2=" ">
   <subfield code="a">xii, 250p: </subfield>
   <subfield code="b">ill.; </subfield>
   <subfield code="c">23 cm.</subfield>
  </datafield>
  <datafield tag="501" ind1="0" ind2="0">
   <subfield code="a">SAH</subfield>
  </datafield>
  <datafield tag="504" ind1="0" ind2="0">
   <subfield code="a">Includes bibliographical references and index</subfield>
  </datafield>
  <datafield tag="650" ind1="0" ind2="0">
   <subfield code="a">Immunocompetent cells. </subfield>
  </datafield>
  <datafield tag="700" ind1="1" ind2="1">
   <subfield code="a">Bouic, </subfield>
   <subfield code="h">Patrick J.D. </subfield>
  </datafield>
  <datafield tag="901" ind1=" " ind2=" ">
   <subfield code="u">http://www.kensingtonbooks.com</subfield>
  </datafield>
 </record>
</collection>
